000 00863cam a2200217 i 4500
005 20251215085701.0
008 250721s2023 jo gr 000 0 ara d
020 _a9789923797204
082 1 4 _a216.7
_bق ر د
100 1 _aالقرداغي، فاروق عمر أحمد
_eمؤلف.
245 1 2 _aالقواعد الدستورية في القرآن الكريم /
_cتأليف د. فاروق عمر أحمد القرداغي.
250 _aالطبعة الأولى.
264 3 1 _aعمان ؛
_aبيروت :
_bدار الرياحين للنشر والتوزيع،
_c2023.
300 _a364 صفحة.
650 1 7 _aالفقه الإسلامي.
650 1 7 _aالأحكام السلطانية.
650 1 7 _aنظام الحكم في الإسلام.
650 1 7 _aالقانون الدستوري.
942 _2ddc
_cBK
999 _c147191
_d147191